| 000 | 00597nam a22002177a 4500 | ||
|---|---|---|---|
| 003 | DO-SdBNP | ||
| 005 | 20230519123056.0 | ||
| 007 | ta | ||
| 008 | 221003b2022 dr a|||| |||| 00| 0 spa d | ||
| 020 | _a9789945627589 | ||
| 040 |
_aDO-SdBNP _bspa _cBNPHU |
||
| 082 | 4 | _222 | |
| 100 |
_981092 _aMarius Mejía, Fredy |
||
| 245 | 1 | 0 |
_aCaoni / _bFredy Marius Mejía |
| 260 |
_aSanto Domingo : _bSantuario, _c2022. |
||
| 300 |
_a393 p. : _bil., _c23 cm. |
||
| 500 | _aIncluye datos biográficos del autor en las solapas | ||
| 590 | _aInventariado, 2022/BT | ||
| 910 | _aBtavárez | ||
| 942 |
_2ddc _cLBS1 |
||
| 999 |
_c52505 _d52505 |
||